| 000 | 00509nam a2200181 a 4500 | ||
|---|---|---|---|
| 001 | 3526 | ||
| 003 | CDMR | ||
| 005 | 20131106135320.0 | ||
| 008 | 130130s2000||||||||||||||||||||||||||||d | ||
| 040 |
_aCDMR _bcat _cCPC GIRONA |
||
| 100 | 1 |
_aSinclair, John _92526 |
|
| 245 | 1 | 0 |
_aTelevisión _b: comunicación global y regionalización _cSinclair, John |
| 260 |
_c2000 _bGedisa |
||
| 650 | 0 | 4 |
_94273 _aRegionalisme |
| 650 | 0 | 4 |
_93350 _aGlobalització |
| 650 | 0 | 4 |
_91190 _aTelevisió _xAspectes socials |
| 942 |
_cMON _2udc |
||
| 999 |
_c3526 _d3526 |
||